000 00718cam a2200241 4500
001 B2032
008 090401t1987 xxu||||| |||| 00| 0 eng d
035 _a(Sirsi) u47739
041 _aeng
050 _a692.5
110 _aConsensus Research Limited
_92737
245 4 _aThe promotion of chartered quantity surveyor
260 _aLondon
_bConsensus Research Limited
_c1987
300 _a102,(53)leaves ; 30cm.
350 _a0
520 _aPrepared for Royal Institution of Chartered Surveyors. Not available to be borrowed or copied.
650 _aABOUT RICS-RICS MEMBERS
650 _aMARKETING
650 _aPROFESSIONAL SERVICES
650 _aQUANTITY SURVEYORS
942 _n0
948 _c04/03/1997
999 _c92186
_d92186